| 000 | 00777nam a2200241 4500 | ||
|---|---|---|---|
| 001 | 126384 | ||
| 003 | ES-MaACL | ||
| 005 | 20230906192818.0 | ||
| 007 | t| | ||
| 008 | 070214s1969 sp r ||||1| spa d | ||
| 100 | 1 |
_aRenckens, H. _996196 |
|
| 245 | 1 | 0 |
_aCreación, Paraíso y pecado original según Genesis 1-3 / _cH. Renckens ; [lo tradujeron Mariano Herranz Marco y Alfonso de la Fuente Adanez]. |
| 250 | _a2ª ed. | ||
| 260 |
_aMadrid : _bGuadarrama, _c1969. |
||
| 300 |
_a293 p. ; _c18 cm. |
||
| 490 | 1 |
_aPunto Omega ; _v80 |
|
| 700 | 1 |
_aHerranz Marco, Mariano. _963170 |
|
| 700 | 0 |
_aFuente Adánez, Alfonso de la. _952860 |
|
| 830 | 0 |
_aPunto Omega ; _v80 _9180707 |
|
| 852 |
_aES-MaACL _jE-5477 _bR.89657 |
||
| 852 |
_jC-40608 _bR.71550 |
||
| 999 |
_c126384 _d126384 |
||